[Event "Ilmar Raud Memorial 2020"]
[Site "Viljandi"]
[Date "2020.07.09"]
[Round "5.5"]
[White "Haavamae, Henrik"]
[Black "Haitin, Ilja"]
[Result "0-1"]
[WhiteElo "2210"]
[BlackElo "2357"]
[Annotator "TA"]
[PlyCount "79"]
[EventDate "2020.07.08"]
[EventCountry "EST"]
[SourceTitle "playchess.com"]
[Source "ChessBase"]
[SourceQuality "1"]

{[%evp 14,79,43,17,52,48,49,30,52,33,58,32,33,42,37,31,25,30,31,13,25,27,14,8,7,0,19,11,11,16,24,40,35,31,41,31,37,0,0,-8,-8,-31,-13,-42,-44,-40,-35,-42,-25,-16,-16,-85,-85,-79,-90,-100,-95,-232,-241,-316,-231,-271,0,0,0,-722,-710,-702]} 1. e4 d6 2. d4 Nf6 3. Nc3 e5 4. Nf3 Nbd7 5. Bc4 Be7 6. O-O O-O 7. a4 {is more profitable than 7.Re1 at the moment. Played by Leinier Dominguez Perez in April 2020.} c6 8. a5 h6 {C41: Philidor Defence.} 9. h3 Re8 10. Be3 Qc7 {White has an edge.} 11. Qd2 {[#]} Nf8 $146 ({Predecessor:} 11... exd4 12. Nxd4 Bf8 13. f3 Re5 14. Nb3 Re8 15. Be2 d5 16. exd5 Nxd5 17. Nxd5 cxd5 {½-½ (51) Foenander,P (2029)-Eilmes,D (2248) ICCF email 2012}) 12. Rfb1 Be6 13. Bxe6 Nxe6 14. b4 (14. d5 {keeps more tension.} Nf8 15. Qd3 Rec8 16. a6 cxd5 17. Nxd5 Nxd5 18. axb7 Qxb7 19. exd5 Qc7 20. Rc1) 14... exd4 15. Nxd4 d5 16. exd5 Nxd5 17. Nxe6 fxe6 18. Ne4 Qe5 19. Qd4 Qxd4 20. Bxd4 Nxb4 21. Bc5 Bxc5 22. Nxc5 Nxc2 23. Ra2 Nd4 24. Rxb7 Red8 25. Re7 Rd5 26. Nxe6 {Threatens to win with Nc7.} Re5 $1 $36 {[%cal Re5e6][%mdl 2048] Black has the initiative.} 27. Rxg7+ Kh8 28. Nxd4 Kxg7 29. Nxc6 $11 {[%mdl 4096] Endgame KRR-KRN} Rc5 30. Nd4 {Ne6+ is the strong threat.} Rd5 {[%mdl 1024] Black has compensation.} 31. Ra4 Rc8 32. f4 (32. g4 $11) 32... Rc3 33. Kf2 Kf6 34. Nf3 {[#]} Rcc5 $1 35. g4 (35. Ke3 $17 {is a better defense.}) 35... Rxa5 $19 36. Re4 Ra3 37. f5 Rdd3 $2 ({Black should play} 37... Rb5 $19 {Hoping for ...Rb2+.} 38. h4 {[#]} (38. Re6+ $2 Kg7 $19) 38... h5 $1 {[%mdl 512]} 39. Re6+ Kg7 40. Rg6+ Kf7 41. Ng5+ Ke8 42. Re6+ Kd7) 38. Re6+ $11 Kg7 39. Ng1 $2 {[%mdl 8192]} (39. Ne5 $11 Rd2+ 40. Ke1) 39... Ra2+ $19 40. Ke1 {Accuracy: White = 61%, Black = 86%.} 0-1

[Event "Ilmar Raud Memorial 2020"]
[Site "Viljandi"]
[Date "2020.07.09"]
[Round "5.6"]
[White "Olde, Margareth"]
[Black "Sakalauskas, Vaidas"]
[Result "1/2-1/2"]
[WhiteElo "2201"]
[BlackElo "2335"]
[Annotator "RC"]
[PlyCount "58"]
[EventDate "2020.07.08"]
[EventCountry "EST"]
[SourceTitle "playchess.com"]
[Source "ChessBase"]
[SourceQuality "1"]
[TimeControl "40/5400+30:900+30"]

1. d4 {[%emt 17:33:17]} Nf6 {[%emt 0:02:00]} 2. c4 {[%emt 0:00:14]} g6 {[%emt 0:00:18]} 3. Nc3 {[%emt 0:00:15]} d5 {[%emt 0:02:16]} 4. Nf3 {[%emt 0:00:43]} Bg7 {[%emt 0:00:39]} 5. Qb3 {[%emt 0:00:09]} dxc4 {[%emt 0:00:28]} 6. Qxc4 {[%emt 0:00:08]} O-O {[%emt 0:00:28]} 7. e4 {[%emt 0:00:09]} Be6 {[%emt 0:00:52]} 8. d5 {[%emt 0:02:42]} Bc8 {[%emt 0:04:15]} 9. Be2 {[%emt 0:03:46]} c6 {[%emt 0:00:31]} 10. O-O {[%emt 0:02:36]} cxd5 {[%emt 0:00:17]} 11. exd5 {[%emt 0:00:37]} Nbd7 {[%emt 0:00:27]} 12. Rd1 {[%emt 0:04:48]} Nb6 {[%emt 0:00:47]} 13. Qh4 {[%emt 0:09:43]} Nbxd5 {[%emt 0:01:15]} 14. Bc4 {[%emt 0:26:53]} e6 {[%emt 0:04:16]} 15. Bg5 {[%emt 0:09:55]} Qa5 {[%emt 0:07:00]} 16. Rd3 {[%emt 0:03:33]} Bd7 {[%emt 0:27:05]} 17. Ne5 {[%emt 0:07:04]} Bc6 {[%emt 0:02:00]} 18. Bxd5 {[%emt 0:05:13]} Nxd5 {[%emt 0:00:35]} 19. Nxd5 {[%emt 0:00:25]} exd5 {[%emt 0:10:45]} 20. Rh3 {[%emt 0:00:18]} h5 {[%emt 0:00:51]} 21. Bf6 {[%emt 0:03:26]} Rae8 {[%emt 0:08:06]} 22. Qg5 {[%emt 0:06:53]} Bxf6 {[%emt 0:03:48]} 23. Qxf6 {[%emt 0:00:05]} Qd8 {[%emt 0:08:04]} 24. Qf4 {[%emt 0:01:46]} Qd6 {[%emt 0:01:18]} 25. Rxh5 {[%emt 0:10:46]} gxh5 {[%emt 0:01:09]} 26. Qg5+ {[%emt 0:00:03]} Kh7 {[%emt 0:02:12]} 27. Qf5+ {[%emt 0:00:04]} Kg7 {[%emt 0:07:48]} 28. Qg5+ {[%emt 0:00:05]} Kh7 {[%emt 0:00:06]} 29. Qf5+ {[%emt 0:00:03]} Kg8 {[%emt 0:00:11]} 1/2-1/2

[Event "Ilmar Raud Memorial 2020"]
[Site "Viljandi"]
[Date "2020.07.09"]
[Round "6.1"]
[White "Neiksans, Arturs"]
[Black "Kulaots, Kaido"]
[Result "1/2-1/2"]
[WhiteElo "2557"]
[BlackElo "2524"]
[Annotator "TA"]
[PlyCount "46"]
[EventDate "2020.07.08"]
[EventCountry "EST"]
[SourceTitle "playchess.com"]
[Source "ChessBase"]
[SourceQuality "1"]

{[%evp 10,29,22,16,35,36,33,20,31,27,30,14,12,6,0,6,0,0,0,0,4,0]} 1. e4 c5 2. Nf3 d6 3. Bb5+ Bd7 4. Bxd7+ Qxd7 5. c4 Nf6 6. Nc3 g6 {6...g6 scores better than 6...Nc6. B52: Sicilian: Moscow Variation with 3...Bd7.} 7. d4 cxd4 8. Nxd4 Bg7 9. f3 O-O 10. O-O (10. Be3 Nc6 11. O-O a6 12. Qd3 Ne5 13. Qe2 e6 14. b3 d5 15. f4 Nc6 16. Rad1 dxe4 17. Nf5 Qc7 18. Nxg7 Kxg7 19. Bc1 Rfd8 20. Nxe4 Nxe4 21. Qxe4 Rxd1 22. Rxd1 {½-½ (50) Neiksans,A (2566)-Kulaots,K (2554) Liepaja 2018}) 10... Rc8 {The position is equal.} 11. b3 d5 12. exd5 Nxd5 13. Nxd5 e6 14. Bh6 {[#] And now Bxg7 would win.} exd5 15. Bxg7 {[#] Black got outplayed after the opening} {Predecessor:} Kxg7 $146 16. cxd5 Qxd5 17. Ne2 Qc5+ 18. Qd4+ Qxd4+ 19. Nxd4 Nc6 20. Rad1 Nxd4 21. Rxd4 Rc2 22. Rf2 Rc1+ 23. Rf1 Rc2 {½-½ (23) Karjakin,S (2762)-Nepomniachtchi,I (2705) Berlin 2015} 1/2-1/2

[Event "Ilmar Raud Memorial 2020"]
[Site "Viljandi"]
[Date "2020.07.09"]
[Round "6.2"]
[White "Haitin, Ilja"]
[Black "Meshkovs, Nikita"]
[Result "0-1"]
[WhiteElo "2357"]
[BlackElo "2582"]
[Annotator "TA"]
[PlyCount "64"]
[EventDate "2020.07.08"]
[EventCountry "EST"]
[SourceTitle "playchess.com"]
[Source "ChessBase"]
[SourceQuality "1"]

{[%evp 18,64,16,24,28,22,13,-25,-24,-20,0,-33,-28,-77,-33,-66,-53,-77,-93,-91,-95,-76,-89,-81,-87,-66,-73,-84,-51,-100,-92,-183,-154,-345,-337,-409,-416,-416,-414,-420,-384,-395,-395,-669,-658,-640,-621,-816,-778]} 1. d4 Nf6 2. c4 e6 3. g3 d5 4. Nf3 Bb4+ 5. Bd2 Be7 6. Bg2 O-O 7. O-O Nbd7 8. Qc2 c6 9. Bf4 Ne4 10. Nc3 g5 {[#] Strongly threatening ...Nxc3. E08: Closed Catalan: Main Line: 7 Qc2.} 11. Be3 Nd6 12. cxd5 exd5 {[#] Black has an edge.} 13. Ne5 $146 ({Predecessor:} 13. Rad1 Re8 14. Bc1 Nb6 15. b3 Bf6 16. Qd2 g4 17. Ne5 Bg7 18. Rfe1 f6 19. Nd3 {1-0 (50) Jojua,D (2583)-Le,Q (2727) Abu Dhabi 2018}) 13... f6 14. Nxd7 (14. Ng6 {keeps more tension.} hxg6 15. Qxg6+ Kh8 16. Qh6+ Kg8 17. Qg6+) 14... Bxd7 15. b4 Be6 16. Na4 b6 {[%cal Bb7b6,Bb6b5][%mdl 32]} 17. f4 Qd7 18. Rac1 Nc4 19. Bd2 Bf5 20. Qc3 b5 21. Nc5 Bxc5 $1 22. dxc5 g4 23. Qd4 Rae8 $36 {[%mdl 2048] Black is on the roll.} 24. Bc3 (24. Rf2 $17 {was worth a try.}) 24... Be4 $19 25. f5 $2 {[#]} (25. Rf2 $17) 25... Bxg2 ({Less strong is} 25... Bxf5 26. e4 $15) 26. Kxg2 Re4 27. Qd3 Ne3+ 28. Kg1 Nxf1 29. Rxf1 Qe7 30. Rf2 $2 (30. Re1) 30... Re8 {Black is clearly winning.} 31. Kf1 Re3 32. Qd2 Qe4 {Black took control after the opening. Accuracy: White = 39%, Black = 93%.} 0-1

[Event "Ilmar Raud Memorial 2020"]
[Site "Viljandi"]
[Date "2020.07.09"]
[Round "6.3"]
[White "Nyysti, Sampsa"]
[Black "Kuznetsov, Andrei S."]
[Result "0-1"]
[WhiteElo "2336"]
[BlackElo "2220"]
[Annotator "TA"]
[PlyCount "112"]
[EventDate "2020.07.08"]
[EventCountry "EST"]
[SourceTitle "playchess.com"]
[Source "ChessBase"]
[SourceQuality "1"]

{[%evp 9,112,51,45,52,54,39,66,32,31,32,42,23,37,0,0,0,2,0,38,0,3,-100,-103,-103,-112,-107,-118,-119,-105,-107,-108,-109,-106,-97,-107,-147,-148,-182,-162,-208,-139,-211,-211,-211,-211,-211,-211,-209,-207,-208,-211,-210,-210,-211,-204,-215,-204,-205,-164,-153,-156,-209,-217,-209,-214,-201,-176,-175,-175,-164,-202,-172,-172,-163,-181,-187,-166,-168,-168,-544,-544,-483,-468,-908,-864,-2383,-2294,-1648,-1720,-12612,-7135,-5683,-5126,-29983,-29984,-29983,-29983,-29985,-29986,-29985,-29987,-29987,-29979,-29988,-29989]} 1. e4 d5 2. exd5 Nf6 3. Nf3 Nxd5 4. d4 Bg4 5. h3 Bxf3 6. Qxf3 {B01: Scandinavian Defence.} ({Much worse is} 6. gxf3 e6 $11) 6... e6 7. a3 Qf6 8. Qxf6 {White is slightly better.} (8. Qb3 {looks sharper.} Nb6 9. c3 N8d7 10. Bb5 c6 11. Bd3) 8... Nxf6 {[#]} 9. Nd2 $146 ({Predecessor:} 9. Nc3 a6 10. g4 Nc6 11. Be3 O-O-O 12. g5 Ne8 13. O-O-O Ne7 14. Bg2 Nf5 15. h4 {½-½ (25) Kasperek,R (2244)-Haug,U (2214) IECG email 2004}) 9... g6 10. Nf3 Bg7 11. b3 c5 12. Bb2 cxd4 13. Nxd4 O-O 14. Be2 a6 15. O-O-O (15. O-O $11 {keeps the balance.}) 15... Ne4 $17 16. Rhf1 Bh6+ $1 17. f4 e5 $1 {[%cal Re5d4]} 18. Nf3 Bxf4+ 19. Kb1 Ng3 20. Rfe1 Nxe2 21. Rxe2 f6 22. Ree1 Nc6 23. Rd7 Rf7 $36 {[%mdl 2048] Black is on the roll.} 24. Red1 Re8 25. Ng1 (25. R7d5 $17) 25... Rxd7 $19 26. Rxd7 Rd8 27. Rxd8+ Nxd8 {[%mdl 4096] Endgame KBN-KBN} 28. Ne2 Be3 29. c4 Kf7 30. Kc2 Ke6 31. Kd3 Bf2 32. b4 f5 33. c5 Kd5 34. Nc3+ Kc6 $1 35. Ne2 {[#]} (35. Kc4 $17) 35... Nf7 $1 36. Kc4 b6 37. cxb6 Nd6+ ({Don't take} 37... Kxb6 38. Kd5 $15) 38. Kb3 e4 ({Not} 38... Kxb6 39. Bxe5 Nf7 40. Bd4+ Bxd4 41. Nxd4 $11) 39. Bd4 Bxd4 40. Nxd4+ Kxb6 {KN-KN} 41. a4 f4 42. Kc3 {[#]} g5 $1 43. Kd2 h6 44. Ke2 $2 (44. a5+ {is more resistant.} Kc7 45. Ke2) 44... a5 45. bxa5+ Kxa5 46. h4 (46. Ne6 $142 Nf5 47. Nc5 Ng3+ 48. Ke1) 46... g4 47. Nc6+ Kxa4 48. Ne5 h5 49. Ng6 f3+ {[%mdl 64] Double Attack} 50. Kf2 Kb3 51. gxf3 exf3 {Black mates.} 52. Nf4 Ne4+ 53. Ke3 f2 54. Ke2 g3 55. Ng2 Kc3 56. Nf4 Kd4 {Accuracy: White = 54%, Black = 89%.} 0-1

[Event "Ilmar Raud Memorial 2020"]
[Site "Viljandi"]
[Date "2020.07.09"]
[Round "6.4"]
[White "Miezis, Normunds"]
[Black "Pohjala, Henri"]
[Result "1-0"]
[WhiteElo "2489"]
[BlackElo "2358"]
[Annotator "TA"]
[PlyCount "125"]
[EventDate "2020.07.08"]
[EventCountry "EST"]
[SourceTitle "playchess.com"]
[Source "ChessBase"]
[SourceQuality "1"]

{[%evp 21,125,71,81,56,61,66,83,64,73,72,89,86,91,90,82,79,79,79,88,86,76,78,81,87,86,83,72,68,96,87,65,71,95,93,113,98,96,66,108,126,127,36,36,16,28,23,22,27,16,19,27,8,8,8,8,8,8,8,8,8,8,4,4,4,5,0,307,307,307,307,307,307,313,309,796,796,796,796,789,789,760,697,4027,4027,2343,2706,4027,4027,2214,1644,4027,4027,4027,4020,4012,3933,3747,3740,2847,2066,29975,29976,29976,29977,29976,29977]} 1. c4 c6 2. e4 e5 3. Nf3 d6 4. d4 Nd7 5. Nc3 Ngf6 6. g3 Be7 7. Bg2 a5 8. O-O O-O 9. h3 exd4 10. Nxd4 Nc5 11. Qc2 Re8 12. Bf4 {A54: Old Indian Defence with Nf3, but without e4.} Bf8 13. Rad1 {[#]} Qc7 $146 ({Predecessor:} 13... Nfd7 14. Be3 a4 15. Nf5 Qc7 16. b4 axb3 17. axb3 Ne5 18. Nd4 Qb6 19. f4 Ned7 {1-0 (30) Gelfand,B (2736)-Bacrot,E (2695) Moscow 2007}) 14. g4 {White is better.} Nfd7 15. b3 f6 16. Bg3 Ne5 17. f4 Nf7 18. Kh2 Qb6 19. Rb1 Bd7 20. Qd2 Qc7 21. Rf2 Qb6 22. a3 Qc7 23. b4 axb4 24. axb4 Na4 25. Nd1 Nb6 26. Ne3 Ra3 27. Ndc2 Ra4 28. Qc3 c5 29. Rd2 cxb4 30. Nxb4 Bc6 31. Nxc6 (31. Qc2 $16 Rea8 32. Nbd5 Bxd5 33. Nxd5 (33. cxd5 Qxc2 34. Rxc2 Nd7 $16) 33... Nxd5 34. cxd5) 31... bxc6 $14 32. Qb3 Ra6 33. c5 Nd7 $1 {[%cal Rd7c5]} 34. cxd6 Bxd6 35. e5 fxe5 36. Nf5 exf4 37. Nxd6 fxg3+ 38. Kh1 Rf8 39. Nxf7 Rxf7 40. Rf1 Nf8 $1 {[%cal Bd7f8,Bf8g6,Bg6e5][%mdl 32]} 41. Rd3 {[#] Threatens to win with Rdf3!} Ng6 42. Rdf3 {[%cal Rf3f7]} Ne5 43. Rf5 $40 {[%mdl 128] Black must now prevent Rxe5! White has some attack.} Ra7 $2 {[%mdl 8192] [#] Black is now going downhill.} (43... Ra5 $11 {and Black is okay.}) 44. Qe6 $1 $18 {[%mdl 512]} Qe7 45. Rxe5 {Hoping for Qc8+.} Qxe6 46. Rxe6 {Threatening mate with Re8+.} Rxf1+ 47. Bxf1 {[%mdl 4096] Endgame KRB-KR} h5 $2 (47... Ra5 48. Rxc6 Kf8) 48. gxh5 Ra1 49. Kg2 Rc1 50. Bd3 {White wants to mate with Bg6.} Kf7 51. Re3 c5 52. Rf3+ Ke6 53. Rxg3 c4 54. Bh7 Kf7 55. Rg4 c3 56. Rg6 Kf8 57. Rc6 Ke7 58. Bf5 Kf7 59. Kg3 Ke7 60. Kh4 Rf1 61. Kg5 {White mates.} Rg1+ 62. Bg4 Rc1 63. Kg6 {Accuracy: White = 91%, Black = 72%.} 1-0

[Event "Ilmar Raud Memorial 2020"]
[Site "Viljandi"]
[Date "2020.07.09"]
[Round "6.5"]
[White "Laurusas, Tomas"]
[Black "Olde, Margareth"]
[Result "1-0"]
[WhiteElo "2511"]
[BlackElo "2201"]
[Annotator "TA"]
[PlyCount "123"]
[EventDate "2020.07.08"]
[EventCountry "EST"]
[SourceTitle "playchess.com"]
[Source "ChessBase"]
[SourceQuality "1"]

{[%evp 13,123,42,69,41,36,13,79,78,101,90,106,124,119,125,115,105,127,129,113,131,146,146,177,95,99,113,113,105,115,112,101,116,118,111,118,100,124,102,102,103,102,102,102,102,103,103,103,102,118,97,97,94,97,97,97,86,106,105,106,108,102,86,85,90,108,74,90,90,100,100,102,100,216,218,216,183,267,263,262,261,300,268,345,323,323,323,410,375,519,512,488,466,869,862,853,840,819,796,658,643,3136,2561,2050,1751,5331,5304,4614,4706,2428,1949,1341,1193]} 1. d4 Nf6 2. c4 e6 3. Nf3 b6 4. a3 Bb7 5. Nc3 Be7 6. d5 exd5 7. cxd5 O-O 8. g3 {E12: Queen's Indian: Unusual White 4th moves, 4 a3, 4 Nc3 Bb7 5 a3 and 4 Nc3 Bb7 .} d6 9. Bg2 a5 (9... c6 $11 {keeps the balance.}) 10. Nd4 {White is better.} Re8 11. O-O Bf8 12. Rb1 {[#]} Qd7 $146 ({Predecessor:} 12... Nbd7 13. b4 axb4 14. axb4 Ne5 15. Bb2 g6 16. Qb3 Bg7 17. h3 Ba6 18. b5 Bc8 {1-0 (27) Nikolov,M (2560)-Bozic,M (1830) Plovdiv 2012}) 13. Bg5 Be7 14. Rc1 h6 15. Bf4 c5 16. dxc6 Nxc6 17. Ndb5 Red8 {[#]} 18. Be3 ({White should try} 18. Na4 $1 $18 {[%cal Ra4b6]} Ra6 19. Qb3) 18... Na7 19. Bxb7 Qxb7 20. Nxa7 Qxa7 21. Nd5 Nxd5 22. Qxd5 Rab8 23. Rc6 Bf6 24. Rfc1 {[#] Strongly threatening Rc7.} Qa6 25. Rc7 (25. Rxd6 $6 Qxe2 26. Bxb6 Rf8 $14) 25... Rf8 26. R1c2 (26. Qxd6 $6 Qxe2 27. b4 (27. Bxb6 $2 Be5 $19) 27... Qb2 $11) 26... Rbc8 27. Qxd6 Rxc7 28. Qxc7 ({Of course not} 28. Rxc7 Qxe2 29. b3 Qa2 $11) 28... b5 {[%cal Bb6b5,Bb5b4][%mdl 32]} 29. Qb6 Qxb6 30. Bxb6 $16 {[%mdl 4096] Endgame KRB-KRB} Ra8 31. Kf1 b4 32. a4 b3 33. Rd2 Rc8 34. Rd3 Rc1+ 35. Kg2 Rc4 36. Rxb3 Rxa4 37. Bc5 Rc4 38. Ba3 a4 39. Rb7 h5 40. h4 g6 41. Kf3 Kg7 42. Ke3 Rc1 (42... Kg8 $16 {was necessary.} 43. Rb8+ Kg7 44. Bf8+ Kh7) 43. Rb4 $18 Rb1 44. Kf3 ({Don't take} 44. Rxa4 $6 Bxb2 45. Bd6 Rd1 $16) 44... g5 (44... Rc1 {might work better.} 45. Rxa4 Rc2) 45. hxg5 ({Not} 45. Rxa4 gxh4 46. gxh4 Rh1 $16) 45... Bxg5 46. Rxa4 Kg6 47. Rb4 Kg7 48. Rb5 Kg6 49. Rb6+ f6 50. Bc5 h4 51. gxh4 {White is clearly winning.} Bxh4 52. Kg4 Bg5 (52... Rh1 $142 53. f4 Be1) 53. f4 Bh6 54. Bd4 Bg7 55. f5+ Kf7 56. Kf3 Ke7 57. Rb7+ Kf8 58. Ke4 Re1 59. e3 Bh6 60. b4 Ke8 61. b5 Kd8 62. Rf7 {Accuracy: White = 91%, Black = 64%.} 1-0

[Event "Ilmar Raud Memorial 2020"]
[Site "Viljandi"]
[Date "2020.07.09"]
[Round "6.6"]
[White "Kanep, Meelis"]
[Black "Wartiovaara, Oliver"]
[Result "1/2-1/2"]
[WhiteElo "2465"]
[BlackElo "2190"]
[Annotator "TA"]
[PlyCount "29"]
[EventDate "2020.07.08"]
[EventCountry "EST"]
[SourceTitle "playchess.com"]
[Source "ChessBase"]
[SourceQuality "1"]

{[%evp 14,29,18,14,16,0,29,18,30,0,19,6,75,48,83,53,60,56]} 1. d4 Nf6 2. c4 g6 3. Nc3 d5 4. cxd5 Nxd5 5. Bd2 Bg7 6. e4 Nxc3 7. Bxc3 O-O 8. Qd2 c5 {[%cal Rc5d4] D85: Exchange Grünfeld: Unusual White 7th moves and lines with 7 Nf3.} 9. d5 Bxc3 10. bxc3 e6 {The position is equal.} 11. d6 e5 12. h4 {[#]} Qf6 $146 (12... Be6 $11) ({Predecessor:} 12... Be6 13. Nh3 Qxh4 14. O-O-O Qxe4 15. Bd3 Qa4 16. Ng5 Qxa2 17. Qe3 Qa3+ 18. Kd2 Qb2+ {1-0 (45) Anand,V (2783)-Hammer,J (2608) Stavanger 2013}) 13. h5 $16 Rd8 14. hxg6 hxg6 15. Rd1 {White took control after the opening. Accuracy: White = 74%, Black = 77%.} 1/2-1/2

[Event "Ilmar Raud Memorial 2020"]
[Site "Viljandi"]
[Date "2020.07.10"]
[Round "7.1"]
[White "Shishkov, Andrei"]
[Black "Neiksans, Arturs"]
[Result "0-1"]
[WhiteElo "2390"]
[BlackElo "2557"]
[Annotator "TA"]
[PlyCount "78"]
[EventDate "2020.07.08"]
[EventCountry "EST"]
[SourceTitle "playchess.com"]
[Source "ChessBase"]
[SourceQuality "1"]

{[%evp 24,78,9,13,14,4,13,0,0,-7,-8,-3,0,0,0,-16,-16,-16,-16,-20,-22,-23,-13,-23,-23,-34,-34,-126,-120,-173,-175,-171,-191,-456,-446,-467,-467,-463,-462,-447,-460,-427,-440,-573,-574,-571,-561,-1005,-999,-915,-917,-900,-895,-29986,-29987,-29989,-29990]} 1. d4 Nf6 2. c4 e6 3. Nc3 Bb4 4. Qc2 d5 5. cxd5 exd5 6. Bg5 h6 7. Bxf6 Qxf6 8. a3 Bxc3+ 9. Qxc3 c6 10. e3 O-O 11. Nf3 Bf5 12. Be2 Nd7 13. O-O Bg4 {Nowadays more popular than 13...Rfe8. E35: Nimzo-Indian: Classical: 4...d5 5 cxd5 exd5.} 14. Rfc1 {[#]} Rfc8 $146 ({Predecessor:} 14... Nb6 15. Qb4 Qd8 16. Qa5 Bxf3 17. Bxf3 Nc4 18. Qxd8 Rfxd8 19. Be2 Nd6 20. b4 Rdc8 21. Rc5 Ne4 22. Rc2 a5 23. Rac1 Nd6 24. Rc5 axb4 25. axb4 Ra2 26. Bd3 Rca8 27. b5 Ra1 {½-½ (27) Schandorff,L (2524)-Ni,H (2653) Porto Mannu 2014}) 15. Rc2 Bf5 {The position is equal.} 16. Bd3 Bxd3 17. Qxd3 a5 18. a4 Qe7 19. Ra3 Nf6 {[%cal Bd7f6,Bf6e4,Be4d6,Bd6f5][%mdl 32]} 20. Ne5 Ne4 21. f3 Nd6 22. Ra1 Re8 {Hoping for ...f6.} 23. Re1 Qc7 24. Qb3 Re7 25. h4 ({White should try} 25. g4 $15) 25... Nf5 $17 26. Rec1 (26. Qd3 $17 {keeps fighting.} Nxh4 27. Kf2) 26... Qd6 27. h5 f6 28. Ng6 $2 (28. Qd3 fxe5 29. Qxf5) 28... Rxe3 $19 29. Qxb7 {[#]} Rae8 $1 {( -> ...Re1+)} 30. f4 Qe6 {And now ...Re1+ would win.} ({Weaker is} 30... Nxd4 31. Rxc6 Qb4 32. Qxb4 $19) 31. Qxc6 Qxc6 32. Rxc6 Nxd4 33. Kh2 Nxc6 34. Rxc6 {[%mdl 4096] Endgame KRR-KRN} Rd8 35. Rc7 d4 36. Ne7+ Kh8 37. Nc6 Rd5 {Threatens to win with ...d3.} 38. g4 d3 39. Ne7 {[#]} Rxe7 $1 {[%mdl 576] Promotion. White got outplayed after the opening. Accuracy: White = 55%, Black = 100%.} 0-1

[Event "Ilmar Raud Memorial 2020"]
[Site "Viljandi"]
[Date "2020.07.10"]
[Round "7.1"]
[White "Shishkov, Andrei"]
[Black "Neiksans, Arturs"]
[Result "*"]
[WhiteElo "2390"]
[BlackElo "2557"]
[Annotator "TA"]
[PlyCount "38"]
[EventDate "2020.07.08"]
[EventCountry "EST"]
[SourceTitle "playchess.com"]
[Source "ChessBase"]
[SourceQuality "1"]

{[%evp 16,19,10,0,4,0]} 1. d4 Nf6 2. c4 e6 3. Nc3 Bb4 4. Qc2 d5 5. cxd5 exd5 6. Bg5 h6 7. Bxf6 Qxf6 8. a3 Bxc3+ 9. Qxc3 c6 {E35: Nimzo-Indian: Classical: 4...d5 5 cxd5 exd5.} 10. e3 {[#] Not much happened in this game.} {Predecessor:} O-O $146 11. Ne2 Bf5 12. Ng3 Nd7 13. Nxf5 Qxf5 14. Bd3 Qe6 15. O-O a6 16. b4 b5 17. Rfc1 Rac8 18. a4 Nb6 19. axb5 cxb5 {0-1 (33) Michalik,P (2595)-Navara,D (2717) chess.com INT 2020} *

[Event "Ilmar Raud Memorial 2020"]
[Site "Viljandi"]
[Date "2020.07.10"]
[Round "7.2"]
[White "Meshkovs, Nikita"]
[Black "Kulaots, Kaido"]
[Result "1/2-1/2"]
[WhiteElo "2582"]
[BlackElo "2524"]
[Annotator "TA"]
[PlyCount "45"]
[EventDate "2020.07.08"]
[EventCountry "EST"]
[SourceTitle "playchess.com"]
[Source "ChessBase"]
[SourceQuality "1"]

{[%evp 16,21,11,0,7,2,0,0]} 1. Nf3 Nf6 2. c4 c5 3. Nc3 Nc6 4. d4 cxd4 5. Nxd4 e6 6. a3 Be7 7. e3 O-O 8. Be2 d5 9. O-O {The position is equal.} e5 {D40: Queen's Gambit Declined: Semi-Tarrasch with 5 e3.} 10. Nxc6 bxc6 11. b4 {[#] Not much happened in this game.} {Predecessor:} Be6 $146 12. c5 a5 13. Na4 axb4 14. axb4 Qc7 15. Bb2 Nd7 16. f4 exf4 17. exf4 Bf5 18. Nc3 Rab8 19. Ba3 Bf6 20. Rc1 Ra8 21. Qb3 Rfe8 22. Bf3 Bd3 23. Nxd5 {1-0 (23) De Souza,C (1903)-Da Silva,J (1734) Sao Bento do Sul 2015} 1/2-1/2

[Event "Ilmar Raud Memorial 2020"]
[Site "Viljandi"]
[Date "2020.07.10"]
[Round "7.2"]
[White "Meshkovs, Nikita"]
[Black "Kulaots, Kaido"]
[Result "*"]
[WhiteElo "2582"]
[BlackElo "2524"]
[Annotator "TA"]
[PlyCount "36"]
[EventDate "2020.07.08"]
[EventCountry "EST"]
[SourceTitle "playchess.com"]
[Source "ChessBase"]
[SourceQuality "1"]

{[%evp 4,4,30]} 1. Nf3 Nf6 2. c4 c5 {Not much happened in this game.} {Predecessor:} 3. Nc3 Nc6 4. d4 cxd4 5. Nxd4 e6 6. e4 {B44: Sicilian: Taimanov: 5 Nb5.} Bb4 7. Nxc6 bxc6 8. Bd3 e5 9. O-O O-O 10. h3 d6 11. Be3 Bxc3 12. bxc3 Nd7 13. Qd2 Nc5 14. Bc2 Be6 15. Rfd1 Nb7 16. c5 dxc5 17. Qxd8 Rfxd8 18. Rxd8+ Rxd8 {1-0 (40) Artemiev,V (2716)-Harikrishna,P (2719) chess24.com INT 2020} *